<?xml version="1.0" encoding="UTF-8"?>
<collection xmlns="http://www.loc.gov/MARC21/slim">
 <record>
  <leader>01702cam a22003732  4500</leader>
  <controlfield tag="001">1611390680</controlfield>
  <controlfield tag="003">DE-627</controlfield>
  <controlfield tag="005">20220605142255.0</controlfield>
  <controlfield tag="007">tu</controlfield>
  <controlfield tag="008">080221s1983    gw |||||      00| ||ger c</controlfield>
  <datafield tag="015" ind1=" " ind2=" ">
   <subfield code="a">87,B04,0522</subfield>
   <subfield code="2">dnb</subfield>
  </datafield>
  <datafield tag="016" ind1="7" ind2=" ">
   <subfield code="a">870093630</subfield>
   <subfield code="2">DE-101</subfield>
  </datafield>
  <datafield tag="035" ind1=" " ind2=" ">
   <subfield code="a">(DE-627)1611390680</subfield>
  </datafield>
  <datafield tag="035" ind1=" " ind2=" ">
   <subfield code="a">(DE-576)277520177</subfield>
  </datafield>
  <datafield tag="035" ind1=" " ind2=" ">
   <subfield code="a">(DE-599)DNB870093630</subfield>
  </datafield>
  <datafield tag="035" ind1=" " ind2=" ">
   <subfield code="a">(OCoLC)74793883</subfield>
  </datafield>
  <datafield tag="040" ind1=" " ind2=" ">
   <subfield code="a">DE-627</subfield>
   <subfield code="b">ger</subfield>
   <subfield code="c">DE-627</subfield>
   <subfield code="e">rakwb</subfield>
  </datafield>
  <datafield tag="041" ind1=" " ind2=" ">
   <subfield code="a">ger</subfield>
  </datafield>
  <datafield tag="044" ind1=" " ind2=" ">
   <subfield code="c">XA-DE-BW</subfield>
  </datafield>
  <datafield tag="100" ind1="1" ind2=" ">
   <subfield code="a">Uhl, Stefan</subfield>
   <subfield code="d">1965-</subfield>
   <subfield code="0">(DE-588)134214579</subfield>
   <subfield code="0">(DE-627)563006536</subfield>
   <subfield code="0">(DE-576)164362592</subfield>
   <subfield code="4">aut</subfield>
  </datafield>
  <datafield tag="245" ind1="1" ind2="0">
   <subfield code="a">Buckelquader an Burgen im Donauraum der Schwäbischen Alb</subfield>
   <subfield code="c">Stefan Uhl</subfield>
  </datafield>
  <datafield tag="263" ind1=" " ind2=" ">
   <subfield code="a">kart. (Pr. nicht mitget.)</subfield>
  </datafield>
  <datafield tag="264" ind1=" " ind2="1">
   <subfield code="a">Warthausen</subfield>
   <subfield code="b">S. Uhl</subfield>
   <subfield code="c">1983</subfield>
  </datafield>
  <datafield tag="300" ind1=" " ind2=" ">
   <subfield code="a">107 S.</subfield>
   <subfield code="b">85 Ill., graph. Darst. u. Kt.</subfield>
  </datafield>
  <datafield tag="336" ind1=" " ind2=" ">
   <subfield code="a">Text</subfield>
   <subfield code="b">txt</subfield>
   <subfield code="2">rdacontent</subfield>
  </datafield>
  <datafield tag="337" ind1=" " ind2=" ">
   <subfield code="a">ohne Hilfsmittel zu benutzen</subfield>
   <subfield code="b">n</subfield>
   <subfield code="2">rdamedia</subfield>
  </datafield>
  <datafield tag="338" ind1=" " ind2=" ">
   <subfield code="a">Band</subfield>
   <subfield code="b">nc</subfield>
   <subfield code="2">rdacarrier</subfield>
  </datafield>
  <datafield tag="500" ind1=" " ind2=" ">
   <subfield code="a">Forts. bildet: Uhl, Stefan: Buckelquader an Burgen im Nord- und Ostteil der Schwäbischen Alb</subfield>
  </datafield>
  <datafield tag="583" ind1="1" ind2=" ">
   <subfield code="a">Archivierung/Langzeitarchivierung gewährleistet</subfield>
   <subfield code="f">PEBW</subfield>
   <subfield code="2">pdager</subfield>
   <subfield code="5">DE-24</subfield>
  </datafield>
  <datafield tag="787" ind1="0" ind2="8">
   <subfield code="i">Rezension</subfield>
   <subfield code="a">Meckseper, Cord, 1934 - </subfield>
   <subfield code="t">[Rezension von: Landesamt für Denkmalpflege Rheinland-Pfalz in Mainz, Kopie, Rekonstruktion, historisierende Erneuerung]</subfield>
   <subfield code="d">Braubach : Deutsche Burgenvereinigung, 1985</subfield>
   <subfield code="w">(DE-627)1567498949</subfield>
   <subfield code="w">(DE-576)497498944</subfield>
  </datafield>
  <datafield tag="787" ind1="0" ind2="8">
   <subfield code="i">Rezension</subfield>
   <subfield code="a">Fleck, Walther-Gerd, 1926 - 2014</subfield>
   <subfield code="t">[Rezension von: Stefan Uhl, Buckelquader an Burgen im Donauraum der Schwäbischen Alb]</subfield>
   <subfield code="d">Braubach : Deutsche Burgenvereinigung, 1985</subfield>
   <subfield code="w">(DE-627)1567497888</subfield>
   <subfield code="w">(DE-576)497497883</subfield>
  </datafield>
  <datafield tag="951" ind1=" " ind2=" ">
   <subfield code="a">BO</subfield>
  </datafield>
  <datafield tag="991" ind1=" " ind2=" ">
   <subfield code="a">Rezensiertes Werk</subfield>
  </datafield>
  <datafield tag="999" ind1=" " ind2=" ">
   <subfield code="a">KXP-PPN1611390680</subfield>
   <subfield code="e">4184340830</subfield>
  </datafield>
 </record>
</collection>
